000 01177cam a2200181 4500500
005 20251228095056.0
041 _afre
042 _adc
100 1 0 _aLe Moing, Monique
_eauthor
245 0 0 _aÉric Fottorino, Dix-sept ans, Paris, Gallimard, 2018, 272 pages
260 _c2019.
500 _a89
520 _aL’anonymat, que peut proposer la structure du collectif d’artistes comme Présence Panchounette, permet des stratégies qui offrent la possibilité de questionner les notions d’œuvre d’art et d’artiste et de renouveler les pratiques artistiques.
520 _aThe structure of an artist group like Présence Panchounette offered a degree of anonymity which allowed to question the notions of artwork or artist and to renew artistic practices.
520 _aO anonimato, tal como é reivindicado pelo coletivo de artistas Présence Panchounette, abre o caminho a estratégias que permitem questionar as noções de obra de arte e de artista, e renovar as práticas artísticas.
786 0 _nSigila | 43 | 1 | 2019-04-30 | p. 165f-174f | 1286-1715
856 4 1 _uhttps://shs.cairn.info/revue-sigila-2019-1-page-165f?lang=fr&redirect-ssocas=7080
999 _c1605525
_d1605525